Cricket: Highest Individual T20i Scores - Statistics

General Stats
  • This quiz has been taken 57 times
    37 since last reset
  • The average score is 13 of 22
Answer Stats
Country Year Score Answer % Correct
AUS 2018 172 (76) Aaron Finch
97%
AUS 2013 156 (63) Aaron Finch
97%
WI 2007 117 (57) Chris Gayle
94%
AUS 2016 145* (65) Glenn Maxwell
85%
IND 2017 118 (43) Rohit Sharma
85%
IND 2022 122* (61) Virat Kohli
82%
PAK 2021 122 (59) Babar Azam
79%
NZ 2012 123 (58) Brendon McCullum
79%
NZ 2010 116* (56) Brendon McCullum
79%
IND 2023 126* (63) Shubman Gill
74%
SA 2015 119 (56) Faf du Plessis
65%
IND 2022 117 (55) Suryakumar Yadav
65%
AUS 2016 124* (71) Shane Watson
47%
AFG 2019 162* (62) Hazratullah Zazai
41%
ENG 2014 116* (64) Alex Hales
38%
WI 2017 125* (62) Evin Lewis
38%
SCO 2019 127* (56) George Munsey
32%
IRE 2019 124 (62) Kevin O'Brien
32%
AFG 2016 118* (67) Mohammad Shahzad
24%
SA 2012 117* (51) Richard Levi
15%
SA 2015 114* (70) Morne van Wyk
3%
UAE 2017 117* (68) Shaiman Anwar
3%
No matching quizzes found
Score Distribution
Percent of People with Each Score
Percentile by Number Answered
Your Score History
You have not taken this quiz since the last reset